Generalized Predictive Control in PLC systems

Enregistré dans:
Détails bibliographiques
Auteur principal: Lappyová, Veronika (Auteur)
Autres auteurs: Körösi, Ladislav (Directeur de thèse)
Format: Manuscrit Livre
Langue:slovaque
anglais
Publié: 2017
Sujets:
Accès en ligne:http://is.stuba.sk/zp/portal_zp.pl?podrobnosti=126648
Tags: Ajouter un tag
Pas de tags, Soyez le premier à ajouter un tag!

MARC

LEADER 00000ntm a22000003a 4500
001 stuzp59669
003 SK-STU
005 20170711124757.7
007 ta
008 150427s2015----xo-----f-mn---000-0-slo-d
040 |a STU  |b slo 
041 0 |a eng 
044 |a xo 
100 1 |a Lappyová, Veronika  |u 031000  |4 aut  |U FEI Fakulta elektrotechniky a informatiky  |T FEI Ústav robotiky a kybernetiky  |X 64098  |U E011  |Y 356  |7 64098 
242 0 1 |a Zovšeobecnené prediktívne riadenie v PLC systémoch  |y slo 
245 1 0 |a Generalized Predictive Control in PLC systems 
260 |c 2017 
300 |a 44 s.,   |b CD-ROM 
650 4 |a TIA Portal  |2 slo 
650 4 |a GPC  |2 slo 
650 4 |a zovšeobecnené prediktívne riadenie  |2 slo 
650 4 |a hydraulický systém  |2 slo 
650 4 |a PLC  |2 slo 
650 4 |a GPC  |2 eng 
650 4 |a PLC  |2 eng 
650 4 |a TIA Portal  |2 eng 
650 4 |a hydraulic system  |2 eng 
650 4 |a generalized predictive control  |2 eng 
700 1 |a Körösi, Ladislav  |u 031000  |k Z1  |4 ths  |U FEI Fakulta elektrotechniky a informatiky  |T FEI Ústav robotiky a kybernetiky  |X 4960  |U E011  |Y 356  |7 A000004960 
856 4 |u http://is.stuba.sk/zp/portal_zp.pl?podrobnosti=126648 
996 |b 284ER02326  |c E*Bc- 2326  |l EE31  |s P  |a 0  |w stuzp59669_0001